Oscar du meilleur acteur dans un second rôle - Statistiques

Statistiques générales
  • Ce quiz a été pris 1 293 fois
    922 depuis la dernière actualisation
  • Le résultat moyen est 17 sur 88
Statistiques - réponses
Année Film Acteur % Correct
2020 Once Upon a Time... in Hollywood Brad Pitt
92%
2024 Oppenheimer Robert Downey Jr
77%
1975 Le Parrain 2 Robert De Niro
73%
2009 The Dark Knight : Le Chevalier noir Heath Ledger
68%
2010 Inglourious Basterds Christoph Waltz
67%
2013 Django Unchained Christoph Waltz
67%
1998 Will Hunting Robin Williams
61%
2005 Million Dollar Baby Morgan Freeman
55%
1996 Usual Suspects Kevin Spacey
52%
2017 Moonlight Mahershala Ali
51%
2019 Green Book : Sur les routes du sud Mahershala Ali
51%
2008 No Country for Old Men Javier Bardem
50%
1991 Les Affranchis Joe Pesci
47%
2014 Dallas Buyers Club Jared Leto
42%
2015 Whiplash J.K. Simmons
42%
2011 Fighter Christian Bale
37%
1988 Les Incorruptibles Sean Connery
33%
2004 Mystic River Tim Robbins
31%
1994 Le Fugitif Tommy Lee Jones
30%
1990 Glory Denzel Washington
29%
2001 Traffic Benicio del Toro
27%
1984 Tendres Passions Jack Nicholson
27%
1979 Voyage au bout de l'enfer Christopher Walken
26%
2006 Syriana George Clooney
25%
1993 Impitoyable Gene Hackman
22%
1964 Le Plus Sauvage d'entre tous Melvyn Douglas
22%
1980 Bienvenue, Mister Chance Melvyn Douglas
22%
2023 Everything, Everywhere, All at Once Ke Huy Quan
21%
2018 Trois Billboards : Les Panneaux de la vengeance Sam Rockwell
20%
1987 Hannah et ses soeurs Michael Caine
18%
2000 L'Oeuvre de Dieu, la part du Diable Michael Caine
18%
1997 Jerry Maguire Cuba Gooding Jr.
16%
2003 Adaptation Chris Cooper
15%
2021 Judas and the Black Messiah Daniel Kaluuya
15%
1989 Un poisson nommé Wanda Kevin Kline
15%
2007 Little Miss Sunshine Alan Arkin
14%
1954 Tant qu'il y aura des hommes Frank Sinatra
14%
2016 Le Pont des espions Mark Rylance
12%
1995 Ed Wood Martin Landau
12%
1953 Viva Zapata! Anthony Quinn
10%
1957 La Vie passionnée de Vincent Van Gogh Anthony Quinn
10%
1977 Les Hommes du président Jason Robards
10%
1978 Julia Jason Robards
10%
1961 Spartacus Peter Ustinov
10%
1965 Topkapi Peter Ustinov
10%
1968 Luke la main froide George Kennedy
9%
1956 Permission jusqu'à l'aube Jack Lemmon
9%
2012 Beginners Christopher Plummer
8%
1986 Cocoon Don Ameche
8%
1962 West Side Story George Chakiris
8%
1937 Le Vandale Walter Brennan
8%
1939 Kentucky Walter Brennan
8%
1941 Le Cavalier du désert Walter Brennan
8%
1967 La Grande Combine Walter Matthau
8%
1960 Ben-Hur Hugh Griffith
7%
1992 La Vie, l'Amour, les Vaches Jack Palance
7%
1999 Affliction James Coburn
7%
1952 Un tramway nommé Désir Karl Malden
7%
1983 Officier et Gentleman Louis Gossett Jr.
7%
1944 Plus on est de fous Charles Coburn
6%
2002 Iris Jim Broadbent
6%
2022 Coda Troy Kotsur
6%
1949 Le Trésor de la Sierra Madre Walter Huston
6%
1972 La Dernière Séance Ben Johnson
5%
1982 Arthur John Gielgud
5%
1959 Les Grands Espaces Burl Ives
4%
1951 Ève George Sanders
4%
1985 La Déchirure Haing S. Ngor
4%
1973 Cabaret Joel Grey
4%
1966 Des clowns par milliers Martin Balsam
4%
1945 La Route semée d'étoiles Barry Fitzgerald
3%
1942 Qu'elle était verte ma vallée Donald Crisp
3%
1963 Doux oiseau de jeunesse Ed Begley
3%
1955 La Comtesse aux pieds nus Edmond O'Brien
3%
1948 Miracle sur la 34e rue Edmund Gwenn
3%
1976 Ennemis comme avant George Burns
3%
1947 Les Plus Belles Années de notre vie Harold Russell
3%
1971 La Fille de Ryan John Mills
3%
1958 Sayonara Red Buttons
3%
1940 La Chevauchée fantastique Thomas Mitchell
3%
1981 Des gens comme les autres Timothy Hutton
3%
1950 Un homme de fer Dean Jagger
2%
1970 On achève bien les chevaux Gig Young
2%
1969 Trois Étrangers Jack Albertson
2%
1946 Le Lys de Brooklyn James Dunn
2%
1974 La Chasse aux diplômes John Houseman
2%
1938 La Vie d'Émile Zola Joseph Schildkraut
2%
1943 Johnny, roi des gangsters Van Heflin
2%
Aucun quiz correspondant
Distribution des résultats
% des personnes avec chaque résultat
Percentile par nombre de réponses
Votre historique - résultats
Vous n’avez pas pris ce quiz depuis la dernière actualisation